Tibet Prefectures - Statistics

General Stats
  • This quiz has been taken 109 times
  • The average score is 4 of 7
Answers on the Map
Answers color-coded by a green-red scale on the quiz's map according to % correct below.
 
Answer Stats
Prefecture % Correct
Lhasa
100%
Shigatse
55%
Qamdo
51%
Nagqu
43%
Ngari
43%
Nyingchi
38%
Lhoka
26%
No matching quizzes found
Score Distribution
Percent of People with Each Score
Percentile by Number Answered
Your Score History
You have not taken this quiz